000
00190 a2200097 4500
020
_a
9780153338809
041
_a
spa
100
_a
Pearl Gaskins
245
_a
Cuidado con la lava
942
_c
BK
999
_c
29210
_d
29208